სოფელი მარადიდი / (ბიბ.ჩანაწერი № 57115)
[ მარტივი ფორმატი ]
| 000 -ლიდერი | |
|---|---|
| ფიქსირებული სიგრძის საკონტროლო ველი | 00769nam a22002057a 4500 |
| 003 - საკონტროლო ნომრის იდენტიფიკატორი | |
| საკონტროლო ველი | Ge_BSU |
| 005 - ბოლო ოპერაციის თარიღი და დრო | |
| საკონტროლო ველი | 20191120145219.0 |
| 008 - ფიქსირებული სიგრძის მონაცემთა ელემენტები - ზოგადი ინფორმაცია | |
| ფიქსირებული სიგრძის საკონტროლო ველი | 191120s2019 ge ||||| |||| 00| 0 geo d |
| 020 ## - წიგნის საერთაშორისო სტანდარტული ნომერი | |
| International Standard Book Number | 9789941462900 |
| 041 ## - ენის კოდი | |
| Language code of text/sound track or separate title | geo |
| 080 ## - უნივერსალური ათობითი კლასიფიკაციის ინდექსი | |
| Universal Decimal Classification number | 94(479.223) დ-45 |
| 100 ## - მთავარი ჩანაწერი - პიროვნების სახელი | |
| Personal name | დიდმანიძე, ოთარ. |
| 9 (RLIN) | 5478 |
| 245 ## - ცნობა სათაურის შესახებ | |
| Title | სოფელი მარადიდი / |
| Statement of responsibility, etc | ოთარ დიდმანიძე ; რედ. რ. დიდმანიძე. |
| 264 ## - წარმოების, გამოცემის, დისტრიბუციის და სხვა ცნობები | |
| გამოცემის, წარმოების, დისტრიბუციის... ადგილი | ბათუმი : |
| გამოცემის, წარმოების, დისტრიბუციის... სახელწოდება | ბსუ, |
| გამოცემის, წარმოების, დისტრიბუციის... თარიღი | 2019. |
| 300 ## - ფიზიკური აღწერა | |
| Extent | 351გვ. ; |
| Other physical details | ილ. |
| Dimensions | 21 სმ. |
| 504 ## - BIBLIOGRAPHY, ETC. NOTE | |
| Bibliography, etc | ბიბლ. გვ. :335-344 |
| 653 ## - INDEX TERM--UNCONTROLLED | |
| Uncontrolled term | ისტორია |
| 700 ## - ADDED ENTRY--PERSONAL NAME | |
| Personal name | დიდმანიძე, რ. |
| Relator term | რედაქტორი |
| 9 (RLIN) | 5479 |
| 942 ## - ADDED ENTRY ELEMENTS (KOHA) | |
| Source of classification or shelving scheme | |
| Koha item type | წიგნი |
| ჩამოწერის სტატუსი | დაკარგული ეგზემპლარის სტატუსი | კლასიფიკაციის წყარო ან თაროზე გაწყობის სქემა | დაზიანების სტატუსი | არ გაიცემა | მუდმივი მდებარეობა (დაცვის ადგილი) | ამჟამინდელი ადგილსამყოფელი | თაროზე განთავსების ადგილი | შეძენის თარიღი | ღირებულება, შესყიდვის ნორმალური ფასი | სრული შენახვის შიფრი | შტრიხკოდი | ბოლო ოპერაციის თარიღი | ეგზემპლარის მიმდევრობითი ნომერი (კეტერი?) | ფასის ძალაში შესვლის თარიღი | ეგზემპლარის სახეობა | საჯარო შენიშვნა | Uniform Resource Identifier |
|---|---|---|---|---|---|---|---|---|---|---|---|---|---|---|---|---|---|
| ბათუმის შოთა რუსთაველის სახელმწიფო უნივერსიტეტის მთავარი ბიბლიოთეკა | ბათუმის შოთა რუსთაველის სახელმწიფო უნივერსიტეტის მთავარი ბიბლიოთეკა | წიგნსაცავი | 2019-11-20 | 15.00 | 94(479.223) დ-45 | 59303 | 2019-11-20 | 59303 | 2019-11-20 | წიგნი | 15ლ. 63თ. | ||||||
| ბათუმის შოთა რუსთაველის სახელმწიფო უნივერსიტეტის მთავარი ბიბლიოთეკა | ბათუმის შოთა რუსთაველის სახელმწიფო უნივერსიტეტის მთავარი ბიბლიოთეკა | წიგნსაცავი | 2019-11-20 | 15.00 | 94(479.223) დ-45 | 59304 | 2019-11-20 | 59304 | 2019-11-20 | წიგნი | 15ლ. 63თ. | ||||||
| ბათუმის შოთა რუსთაველის სახელმწიფო უნივერსიტეტის მთავარი ბიბლიოთეკა | ბათუმის შოთა რუსთაველის სახელმწიფო უნივერსიტეტის მთავარი ბიბლიოთეკა | წიგნსაცავი | 2019-11-20 | 15.00 | 94(479.223) დ-45 | 59305 | 2019-11-20 | 59305 | 2019-11-20 | წიგნი | 15ლ. 63თ. | ||||||
| ბათუმის შოთა რუსთაველის სახელმწიფო უნივერსიტეტის მთავარი ბიბლიოთეკა | ბათუმის შოთა რუსთაველის სახელმწიფო უნივერსიტეტის მთავარი ბიბლიოთეკა | წიგნსაცავი | 2019-11-20 | 15.00 | 94(479.223) დ-45 | 59306 | 2019-11-20 | 59306 | 2019-11-20 | წიგნი | 15ლ. 63თ | ||||||
| ბათუმის შოთა რუსთაველის სახელმწიფო უნივერსიტეტის მთავარი ბიბლიოთეკა | ბათუმის შოთა რუსთაველის სახელმწიფო უნივერსიტეტის მთავარი ბიბლიოთეკა | წიგნსაცავი | 2025-01-27 | 10.00 | 94(479.223) დ-45 | 70443 | 2025-01-27 | 70443 | 2025-01-27 | წიგნი | 10.00 | ნაჩუქარი |
